| 000 | 00429nam a2200169Ia 4500 | ||
|---|---|---|---|
| 008 | 230524s9999 xx 000 0 und d | ||
| 020 | _a9789385492433 | ||
| 082 | _bSCH | ||
| 100 |
_aDr. David J. Schwartz _941777 |
||
| 245 | 4 | _aThe Magic of Getting What You Want | |
| 250 | _a1 | ||
| 260 |
_aMumbai _bEmbassy Books _c2016 |
||
| 300 | _a331p; | ||
| 500 | _aQuantity Number: 1 | ||
| 650 |
_aMisalliance _941778 |
||
| 942 | _cBK | ||
| 999 |
_c56211 _d56211 |
||